000 00411nam a2200133Ia 4500
008 171212s9999 xx 000 0 und d
020 _a9781921313974
100 _aMol, Hans
245 _cMol, Hans
_aCalvin for the Third Millennium
260 _bANU E Press
_c2008
650 _aCalvin, Jean, 1509-1564; Presbyterianism -- Sermons
650 _aPhilosophy
856 _uwww.jstor.org/stable/10.2307/j.ctt24h3nv
999 _c351023
_d351023